Statistics for Asia V.S. Europe #1

Click here to take the quiz!

General Stats

  • This quiz has been taken 38 times
  • The average score is 7 of 12

Answer Stats

QuestionAnswer% Correct
AreaEstonia
85%
PopulationLebanon
85%
Less DangerousEstonia
82%
GDP Per CapitaEstonia
76%
Winner?
68%
First Country To Use Online Political VotingEstonia
68%
HappierEstonia
65%
Ranked Third in The Highest Number of Public Holidays (Tied With Thailand)Lebanon
62%
Military StrengthEstonia
41%
Bigger CapitalEstonia
29%
Older (By Establishment Date)Estonia
12%
Higher Life ExpectancyLebanon
6%

Score Distribution

Percentile by Number Answered

Percent of People with Each Score

Your Score History

You have not taken this quiz